Optimistic Framing Increases Responsible Investment of Investment Professionals

Je nepravdepodobné, že by sa kríza globálneho otepľovania zmiernila, kým svet bude naďalej spoločne financovať ťažbu a spaľovanie fosílnych palív. Na odvrátenie hroziacej klimatickej núdze je naliehavo potrebný odpredaj uhlíka.

Guardado en:
Detalles Bibliográficos
Autor principal: Daugaard, Dan
Otros Autores: Kent, Danielle, Servátka, Maroš, 1976-, Zhang, Lyla
Formato: Capítulo de libro
Lenguaje:inglés
Materias:
Etiquetas: Agregar Etiqueta
Sin Etiquetas, Sea el primero en etiquetar este registro!

MARC

LEADER 00000naa a2200000 4500
001 0302884
005 20240716102005.3
041 0 |a eng 
044 |a DE 
245 1 0 |a Optimistic Framing Increases Responsible Investment of Investment Professionals  |c Maroš Servátka 
520 |a Je nepravdepodobné, že by sa kríza globálneho otepľovania zmiernila, kým svet bude naďalej spoločne financovať ťažbu a spaľovanie fosílnych palív. Na odvrátenie hroziacej klimatickej núdze je naliehavo potrebný odpredaj uhlíka. 
610 2 0 |a palivá fosílne 
610 2 0 |a uhlie 
610 2 0 |a investície ekologické 
100 1 |a Daugaard, Dan 
700 1 |a Kent, Danielle 
700 1 |a Servátka, Maroš, 1976- 
700 1 |a Zhang, Lyla